| 000 | 01052nam a22002897a 4500 | ||
|---|---|---|---|
| 999 |
_c5036 _d5036 |
||
| 003 | AR-CdUCM | ||
| 008 | 190311b ||||| |||| 00| 0 spa d | ||
| 040 |
_aMUNICIPALIDAD PROVINCIAL DEL CUSCO _cBIBLIOTECA MUNICIPAL DEL CUSCO |
||
| 041 | _hrus | ||
| 082 |
_a320.531 / _bS47 |
||
| 100 |
_aShajnazárov, G. _915383 |
||
| 245 | _aCiencia de la sociedad / | ||
| 260 |
_aMoscu : _bProgreso, _c1982. |
||
| 300 |
_a357 paginas ; _c20.5 cm. |
||
| 505 | _aLos principios del Marxismo-Leninismo -- Representaciones filosóficas del mundo y su conocimiento -- Teoría del desarrollo de la sociedad -- El capitalismo -- Periodo de transición del capitalismo al socialismo ... | ||
| 650 |
_aComunismo _9495 |
||
| 650 |
_aSocialismo _91037 |
||
| 650 |
_aCapitalismo _93221 |
||
| 650 |
_aRégimen económico _915384 |
||
| 650 |
_aDesarrollo social _91131 |
||
| 700 |
_aBoborikin, A. _915385 |
||
| 700 |
_aKrasin, Y. _915386 |
||
| 700 |
_aSujodeiev, V. _915387 |
||
| 700 |
_aVidiella Ruiz, Rafael (traductor) _915388 |
||
| 942 |
_2ddc _cLIBROS |
||
| 945 | _aacv | ||